00309nam a2200133Ia 4500008004100000041000800041082000800049100002400057245004100081260001800122300000800140542001500148650001200163220531s9999 xx 000 0 und d aeng bSTE aSteane ,. J. B. Ed. aChristopher Marlowe : Complete Plays bpengainc1995 a600 d28-11-1997 aEnglish